|
|
|
|
| LEADER |
00999nam a2200253 u 4500 |
| 001 |
10119371 |
| 003 |
upatras |
| 005 |
20210117205753.0 |
| 008 |
160309s2006 gre |
| 020 |
|
|
|a 9601702040
|
| 040 |
|
|
|a GR-PaULI
|c GR-PaULI
|
| 041 |
1 |
|
|a gre
|
| 082 |
1 |
4 |
|a 822.912
|2 22
|
| 100 |
1 |
|
|a Beckett, Samuel,
|d 1906-1989
|4 aut
|9 977
|
| 245 |
1 |
0 |
|a Μερσιέ και Καμιέ
|c Σάμουελ Μπέκετ; μετάφραση Άρη Μπερλή
|
| 260 |
|
|
|a Αθήνα
|b Ύψιλον /Βιβλία
|c c2006
|
| 300 |
|
|
|a 151 σ.
|c 21 εκ.
|
| 650 |
|
4 |
|a Ιρλανδικό δράμα
|9 149340
|
| 700 |
1 |
|
|9 4811
|a Μπερλής, Άρης
|4 trl
|
| 852 |
|
|
|a GR-PaULI
|b ΠΑΤΡΑ
|b ΘΕΑΤΡΟΛΟΓΙΑ
|k ΑΣΧΕ-3
|h 822.912 BEC
|m 014124
|p 025000138130
|t 1
|
| 942 |
|
|
|2 ddc
|c BK15
|
| 952 |
|
|
|0 0
|1 0
|4 0
|6 822_912000000000000_BEC
|7 0
|9 190069
|a THST
|b THST
|d 2016-04-24
|i 014124
|l 0
|o 822.912 BEC
|p 025000138130
|r 2016-04-24 00:00:00
|t 1
|w 2016-04-24
|y BK15
|
| 998 |
|
|
|c ΜΑΝΙΑ
|d 2016-03
|
| 999 |
|
|
|c 117046
|d 117046
|